Guidelines for public debt management accompanying document and selected case studies /

Bibliographic Details
Corporate Author: Fondo Monetario Internacional
Format: Unknown
Language:English
Published: Washington, D. C. (Wash.) : International Monetary Fund and The World Bank, 2003
Subjects:
Online Access:Acceso restringido

MARC

LEADER 00000ny a22000003n 4500
005 20110524122457.0
008 040618s2003 xxu 000 eng c
020 |a 9781589061941 
035 |a 2785 
040 |a BUS  |d vLex 
090 |c 211  |d 211 
245 0 0 |a Guidelines for public debt management  |h [Recurso electrn̤ico]  |b accompanying document and selected case studies /  |c prepared by the staffs of the International Monetary Fund and the World Bank 
256 |a Servicio en ln̕ea 
260 |a Washington, D. C. (Wash.) :  |b International Monetary Fund and The World Bank,  |c 2003 
300 |a v. 
506 1 |a Contenido solo disponible en los productos indicados  |d vLex Global  |d vLex Global (Academic Edition, excluding Law Schools)  |d vLex Global (U.S. Academic Edition, Law Schools)  |d vLex Global (U.S. Academic Edition, excluding Law Schools)  |d vLex Global (Academic Edition, Law Schools) 
650 0 4 |a Mercado financiero 
710 2 |a Fondo Monetario Internacional 
740 0 |a vLex Libros (Servicios en ln̕ea) 
856 4 0 |u http://vlex.com/source/2785  |z Acceso restringido 
942 |c BOOK 
999 0 |a Debts, Public--Law and legislation  |b United States 
999 0 |a Capital market  |b United States 
999 0 |a Risk  |b United States